Trouve le rappeur - Facile #1 - Statistiques

Statistiques générales
  • Ce quiz a été pris 298 fois
  • Le résultat moyen est 15 sur 20
Statistiques - réponses
Titre Artiste % Correct
Train de vie Koba la D
98%
Macarena Damso
96%
Tchikita Jul
96%
Réseaux Niska
96%
92iveyron Booba
90%
Désaccordé Vald
89%
On verra Nekfeu
86%
A7 SCH
82%
Le monde ou rien PNL
81%
Dommage Big Flo et Oli
77%
Monégasque PLK
76%
Billets verts Maes
68%
Rosa Gradur
65%
Cabeza Oboy
65%
XS Josman
62%
Possédé Djadja et Dinaz
56%
Notes pour trop tard Orelsan
56%
Molly Gazo
49%
Fuck le 17 13 block
44%
PMW Shay
33%
Aucun quiz correspondant
Distribution des résultats
% des personnes avec chaque résultat
Percentile par nombre de réponses
Votre historique - résultats
Vous n’avez pas pris ce quiz